[Event "Novosibirsk Region-ch final"]
[Site "Novosibirsk"]
[Date "2008.12.12"]
[Round "8"]
[White "Makarevich, Julia"]
[Black "Sharkov, Maxim"]
[Result "1-0"]
[WhiteElo "1920"]
[BlackElo "2098"]
[PlyCount "49"]
[EventDate "2008.12.05"]
[EventType "swiss"]
[EventRounds "9"]
[EventCountry "RUS"]
[SourceTitle "EXT 2010"]
[Source "ChessBase"]
[SourceDate "2010.11.25"]
[SourceVersion "1"]
[SourceVersionDate "2010.11.25"]
[SourceQuality "1"]

1. d4 f5 2. g3 Nf6 3. Bg2 e6 4. Nf3 Be7 5. c4 0-0 6. 0-0 d6 7. Nc3 Nbd7 8. Qc2 Qe8 9. e4 fxe4 10. Nxe4 Nxe4 11. Qxe4 Nf6 12. Qc2 Qh5 13. Bf4 Bd7 14. Rfe1 h6 15. Rad1 g5 16. Bc1 Rf7 17. h3 g4 18. Ne5 gxh3 19. Bf3 h2+ 20. Kg2 Ng4 21. Bxg4 Bc6+ 22. d5 h1Q+ 23. Rxh1 Qxe5 24. Qg6+ Kf8 25. Bxh6+ 1-0

[Event "Novosibirsk Region-ch final"]
[Site "Novosibirsk"]
[Date "2008.12.09"]
[Round "5"]
[White "Sharkov, Maxim"]
[Black "Kezin, Roman"]
[Result "0-1"]
[WhiteElo "2098"]
[BlackElo "2244"]
[PlyCount "52"]
[EventDate "2008.12.05"]
[EventType "swiss"]
[EventRounds "9"]
[EventCountry "RUS"]
[SourceTitle "EXT 2010"]
[Source "ChessBase"]
[SourceDate "2010.11.25"]
[SourceVersion "1"]
[SourceVersionDate "2010.11.25"]
[SourceQuality "1"]

1. e4 c5 2. Nf3 e6 3. d4 cxd4 4. Nxd4 Nc6 5. Nc3 Qc7 6. Be3 a6 7. Bd3 Nf6 8. 0-0 Nxd4 9. Bxd4 Bc5 10. Bxc5 Qxc5 11. Kh1 0-0 12. f4 d6 13. Qe2 e5 14. a4 Bd7 15. Qe1 Rfe8 16. f5 Bc6 17. Qh4 Qb4 18. Ra3 d5 19. Rb3 Qd4 20. Rd1 dxe4 21. Bxa6 bxa6 22. Rxd4 exd4 23. Ne2 d3 24. cxd3 exd3 25. Ng1 d2 26. Rd3 Rad8 0-1

[Event "Novosibirsk Region-ch sf"]
[Site "Novosibirsk"]
[Date "2008.10.18"]
[Round "1"]
[White "Sharkov, Maxim"]
[Black "Maslov, Vladimir2222"]
[Result "1-0"]
[WhiteElo "2098"]
[BlackElo "1853"]
[PlyCount "41"]
[EventDate "2008.10.18"]
[EventType "swiss"]
[EventRounds "9"]
[EventCountry "RUS"]
[SourceTitle "EXT 2022"]
[Source "ChessBase"]
[SourceDate "2021.10.06"]
[SourceVersion "1"]
[SourceVersionDate "2021.10.06"]
[SourceQuality "1"]

1. e4 c5 2. Nf3 Nc6 3. d4 cxd4 4. Nxd4 g6 5. Be3 Bg7 6. Nc3 d6 7. Qd2 Nf6 8. f3 0-0 9. 0-0-0 Bd7 10. g4 Ne5 11. h4 Rc8 12. Kb1 Nc4 13. Bxc4 Rxc4 14. h5 Be6 15. Nxe6 fxe6 16. e5 Rxc3 17. exf6 Bxf6 18. bxc3 Qa5 19. Bd4 Rc8 20. Bxf6 Rc6 21. Qh6 1-0

[Event "Novosibirsk State University-ch"]
[Site "Novosibirsk"]
[Date "2007.??.??"]
[Round "3.2"]
[White "Egitov, Alexey"]
[Black "Sharkov, Maxim"]
[Result "0-1"]
[WhiteElo "2027"]
[BlackElo "2014"]
[PlyCount "120"]
[EventDate "2007.05.01"]
[EventType "tourn"]
[EventRounds "9"]
[EventCountry "RUS"]
[SourceTitle "EXT 2022"]
[Source "ChessBase"]
[SourceDate "2021.10.06"]
[SourceVersion "1"]
[SourceVersionDate "2021.10.06"]
[SourceQuality "1"]

1. e4 e6 2. d4 d5 3. Nc3 dxe4 4. Nxe4 Nd7 5. g3 Ngf6 6. Nxf6+ Nxf6 7. Bg2 c5 8. Nf3 Be7 9. 0-0 0-0 10. Bf4 Nd5 11. Bc1 cxd4 12. Nxd4 Bf6 13. Re1 Qb6 14. Nb3 Rd8 15. Qe2 Qc7 16. c4 Nb6 17. Bf1 e5 18. Bd2 Na4 19. Bb4 Be6 20. Rad1 a5 21. Ba3 Nb6 22. c5 Nc4 23. Qc2 Nxa3 24. bxa3 g6 25. Bg2 Bf5 26. Qc4 a4 27. Nd2 Rd4 28. Qb5 Rad8 29. Ne4 Rxd1 30. Nxf6+ Kh8 31. Qe2 Rxe1+ 32. Qxe1 Qxc5 33. Bxb7 Qd6 34. Nd5 Be6 35. Nc3 Qd4 36. Bf3 f5 37. Bd1 e4 38. Kg2 Qd2 39. Qxd2 Rxd2 40. Bxa4 Bxa2 41. Bb5 e3 42. Ne2 Bd5+ 43. f3 Kg7 44. a4 Kf6 45. h3 Ke7 46. g4 Kd6 47. Kg3 Bc6 48. Ba6 Ke5 49. f4+ Kd6 50. gxf5 gxf5 51. h4 Kc5 52. h5 h6 53. Nc3 Kb4 54. Ne2 Kxa4 55. Bc4 Bb7 56. Nc1 Kb4 57. Be6 Be4 58. Na2+ Kc5 59. Nc3 Rg2+ 60. Kh3 e2 0-1